Sports Quiz

Random Sports or MLB Quiz
Score 0/30 Timer 03:00
0 Plays Today
Team G or C % Correct
New York Yankees???
82.3%
Boston Red Sox???
81.8%
Tampa Bay Rays???
80.6%
Philadelphia Phillies???
80.6%
Miami Marlins???
80.5%
Baltimore Orioles???
80.4%
New York Mets???
80.2%
Atlanta Braves???
79.8%
Toronto Blue Jays???
79%
Washington Nationals???
78.7%
Pittsburgh Pirates???
77.5%
Arizona Diamondbacks???
77.4%
San Diego Padres???
76.5%
San Francisco Giants???
76.3%
Los Angeles Angels???
76.2%
Team G or C % Correct
Colorado Rockies???
76.1%
Oakland Athletics???
76%
Seattle Mariners???
75.1%
Los Angeles Dodgers???
74.2%
Detroit Tigers???
74%
Texas Rangers???
70.7%
Chicago Cubs???
63.2%
St. Louis Cardinals???
63.2%
Kansas City Royals???
61.4%
Minnesota Twins???
61.3%
Milwaukee Brewers???
58.2%
Chicago White Sox???
56.9%
Houston Astros???
46.1%
Cleveland Indians???
45.9%
Cincinnati Reds???
44.8%
Remove Ads.
Support Sporcle.
Get the best of Sporcle when you Go Orange. This ad-free experience offers more features, more stats, and more fun while also helping to support Sporcle. Thank you for becoming a member.

You're not logged in!

Compare scores with friends on all Sporcle quizzes.
OR
Log In

Show Comments

Extras

Top Quizzes Today


Score Distribution

Your Account Isn't Verified!

In order to create a playlist on Sporcle, you need to verify the email address you used during registration. Go to your Sporcle Settings to finish the process.

Report this User

Report this user for behavior that violates our Community Guidelines.

Details: